000 00609nam a2200181Ia 4500
008 090124s9999 xx 000 0 und d
082 _b118644
100 _aकुलकर्णी जी.ए.(गुरुनाथ आबाजी )
245 _a अमृतफळे
250 _a1
260 _c1980
300 _a159
600 _aकुलकर्णी जी.ए.(गुरुनाथ आबाजी )
630 _a अमृतफळे
700 _aकुलकर्णी जी.ए.(गुरुनाथ आबाजी )
730 _a अमृतफळे
942 _cBOOK
999 _c164730
_d164730